000 00797nam a2200217Ia 4500
003 GCL
008 140319s9999 xx 000 0 ara d
040 _aGCL /
_cGCL
082 0 4 _a956.56462
_bف ح
100 1 _aفايز نجيب اسكندر
245 1 0 _aالحياة الاقتصادية فى ارمنية ابان الفتح الاسلامى /
_cفايز نجيب اسكندر
260 _a[S.N] :
_bدار الفكر العربى ،
_c1988
300 _a111 ص
490 _aدراسات فى تاريخ وحضارة ارمينية
_v0
650 0 4 _aالاتحاد السوفيتى
650 0 4 _aالتاريخ الاسلامى
650 0 4 _aالاحوال الاقتصادية
650 0 4 _aالاسلام فى اوروبا
650 0 4 _aفتح ارمينيا
942 _2ddc
_cBK
999 _c30100
_d30100